000 01516nam0a22002771 4500
001 rc\3577946
005 20260409064915.0
021 _aRU
_bРг3188-73
035 _a(NLR Aleph) 007695446
090 _a6687320
_c6687320
100 _a20130115d1972 u y0rusy50 ca
101 0 _arus
102 _aRU
105 _ay z |||||
200 1 _aПеречень действующих общесоюзных нормативных документов по строительству
_eПо состоянию на 1 января 1972 г.
_fИсполн.-руководитель Т.П. Невзорова
210 _aМосква
_cБ. и.
_d1972
215 _a[1], 181 с.
_d20
225 1 _aГосстрой СССР. Главпромстройпроект. Союзметаллостройниипроект. Центральный научно-исследовательский и проектный институт строительных металлоконструкций "ЦНИИпроектстальконструкция". Технический отдел
_vВып. ТО 11
702 1 _aНевзорова
_bТ.П.
_4570
712 0 2 _4570
_aЦентральный научно-исследовательский и проектный институт строительных металлоконструкций
_cМосква
_3RU\NLR\AUTH\880636961
_92691320
801 0 _aRU
_bNLR
_gpsbo
801 1 _aRU
_bELAR
_2rusmarc
852 _aNLR
_bСВТЛ
942 _cBOOK
980 _aNB